000 00614 a2200181 4500
999 _c4584
_d4584
010 _aENG-86459
020 _a0143099663
_c200.00
035 _aEN-69992
037 _bDBAD / PUB
082 1 4 _a921
100 1 _aRangacharya, Adya
245 1 _aOpening scene :
_bearly memories of a dramatist and a play /
_cby Adya Rangacharya ; translated by Shashi Deshpande
260 _aNew Delhi
_bPenguin Books
_c2006
270 _a11, Community Centre, Panchsheel Park
_bNew Delhi
_cWest Bengal
_e110 017
300 _a185 p.
_c20cm (Pbk)
700 _aDeshpande, Shashi
942 _adpl
_cEN
_2ddc
_h921
_mRAN